| 000 | 00980cac a2200277 a 4500 | ||
|---|---|---|---|
| 003 | Co-PeBPM | ||
| 005 | 20250817223659.0 | ||
| 008 | 231129e1992||||ck ad|||||||||||| ||spa|| | ||
| 020 | _a9682401674 | ||
| 040 | 0 |
_aCo-PeBPM _bspa _cCo-PeBPM _erda |
|
| 041 | _aspa | ||
| 082 | 0 | 4 |
_a516 N277g _222 |
| 100 | 1 |
_aNational Council of Teachers of Mathematics _eautor |
|
| 245 | 1 | 0 |
_aGeometría Informal _c/ National Council of Teachers of Mathematics, Traducción Federico Velasco Coba, revisión técnica Emilio Lluís Riera |
| 260 |
_aMéxico _b: Trillas _c, 1992 |
||
| 300 |
_a84 páginas _c; 23 centímetros |
||
| 500 | _aIncluye índice. | ||
| 650 | 1 | 4 |
_aGeometría _2LEMB |
| 650 | 1 | 4 |
_aMatemáticas _2LEMB |
| 650 | 1 | 4 |
_aBachiller _2LEMB |
| 650 | 1 | 4 |
_aEjercicios resueltos _2LEMB |
| 700 |
_aVelasco Coba, Federico _eTraducción |
||
| 700 |
_aLluís Riera, Emilio _eRevisión Técnica |
||
| 942 |
_2ddc _cBK |
||
| 999 |
_c14446 _d14446 |
||